| 000 | 01220cam a22002413a 4500 | ||
|---|---|---|---|
| 001 | 10445 | ||
| 003 | PGUSA | ||
| 005 | 20140828083224.0 | ||
| 008 | 031201s2003||||xxu|||||s|||||000 | eng d | ||
| 040 |
_aPGUSA _beng |
||
| 042 | _adc | ||
| 050 | 4 | _aSK | |
| 245 | 1 | 0 |
_aAmerican Big Game in Its Haunts : _bThe Book of the Boone and Crockett Club _h[electronic resource] |
| 260 |
_bProject Gutenberg, _c2003 |
||
| 505 | 0 | _aWilderness reserves / T. Roosevelt -- The zoology of North American big game / A.E. Brown -- Big game shooting in Alaska / J.H. Kidder -- The Kadiak bear and his home / W.L. Smith -- The mountain sheep and its range / G.B. Grinnell -- Preservation of the wild animals of North America / H.F. Osborn -- Distribution of the moose / M. Grant -- The creating of game refuges / A. Sampson -- Temiskaming moose / P.J. Dashiell -- Two trophies from India / J.H. Prentice -- Big-game refuges -- Forest reserves of North America. | |
| 506 | _aPublic domain in the USA. | ||
| 516 | _aElectronic text | ||
| 653 | _aBig game hunting -- United States | ||
| 700 | 1 |
_aGrinnell, George Bird, _d1849-1938 |
|
| 830 | 0 |
_aProject Gutenberg _v10445 |
|
| 856 | 4 | 0 | _uhttp://www.gutenberg.org/ebooks/10445 |
| 942 | _cEB | ||
| 999 |
_c239700 _d239700 |
||